| 000 | 00774cam a22002051 4500 | ||
|---|---|---|---|
| 001 | f 01002974 | ||
| 003 | DLC | ||
| 005 | 20260227111245.0 | ||
| 008 | 770713s1900 fr e 000 0 fre | ||
| 010 | _af 01002974 | ||
| 035 | _a(OCoLC)3110854 | ||
| 040 |
_aDLC _cAzTeS _dAzTeS _dDLC |
||
| 050 | 0 | 0 |
_aZ307 _b.D33 |
| 100 | 1 |
_aDelalain, P. _q(Paul), _d1840-1924. |
|
| 245 | 1 | 2 |
_aL'imprimerie et la librairie à Paris de 1789 à 1813. _cRenseignements recueillis, classés et accompagnés d'une introduction par Paul Delalain. <avec 3 fragments du plan de Paris en 1810>. |
| 260 |
_aParis, _bDelalain frères _c[1900] |
||
| 300 |
_alx, 360 p. _b3 fold. plans. _c26 cm. |
||
| 500 | _a"Tiré à 400 exemplaires. n⁰ 184." | ||
| 650 | 0 |
_aBook industries and trade _zFrance _zParis. |
|
| 999 |
_c22965 _d22965 |
||